书目信息 |
| 题名: |
疯狂英语
|
|
| 作者: | 李建萍 , 李媛 主编 | |
| 分册: | 我的第一本音标书 | |
| 出版信息: | 广州 中山大学出版社 2010.01 |
|
| 页数: | 145页 | |
| 开本: | 23cm | |
| 丛书名: | ||
| 单 册: | ||
| 中图分类: | H311 | |
| 科图分类: | ||
| 主题词: | 英语--ying yu--国际音标--教学参考资料 | |
| 电子资源: | ||
| ISBN: | 978-7-306-03516-5 | |
| 000 | 01095nam0 2200289 450 | |
| 001 | 012011928945 | |
| 005 | 20110809102903.68 | |
| 010 | @a978-7-306-03516-5@dCNY24.80 (含光盘) | |
| 010 | @a978-7-88490-358-0@b光盘 | |
| 100 | @a20100608d2010 em y0chiy0120 ea | |
| 101 | 0 | @achi@aeng |
| 102 | @aCN@b440000 | |
| 105 | @aa z 000yy | |
| 106 | @ar | |
| 200 | 1 | @a疯狂英语@Afeng kuang ying yu@i我的第一本音标书@d= Crazy English@imy first phonetics book@f李建萍, 李媛主编@Fli jian ping,li yuan zhu bian@zeng |
| 210 | @a广州@c中山大学出版社@d2010.01 | |
| 215 | @a145页@c彩图@d23cm@e光盘1片@e音标图 | |
| 300 | @a疯狂英语 | |
| 330 | @a本书共分32个单元,讲解了英文音标的发音方法,每个单元包括:发音方法、常见发音字母和字母组合、发音操练、以句识音等。 | |
| 510 | 1 | @aCrazy English@imy first phonetics book@zeng |
| 517 | 1 | @a我的第一本音标书@Awo de di yi ben yin biao shu |
| 606 | 0 | @a英语@Aying yu@x国际音标@j教学参考资料 |
| 690 | @aH311@v4 | |
| 701 | 0 | @a李建萍@Ali jian ping@4主编 |
| 701 | 0 | @a李媛@Ali yuan@4主编 |
| 801 | 0 | @aCN@bQSSK@c20110809 |
| 905 | @b794484-86@dH311@eL184@f3 | |
| 疯狂英语.我的第一本音标书= Crazy English.my first phonetics book/李建萍, 李媛主编.-广州:中山大学出版社,2010.01 |
| 145页:彩图;23cm+光盘1片+音标图 |
| 疯狂英语 |
| ISBN 978-7-306-03516-5:CNY24.80 (含光盘) |
| 本书共分32个单元,讲解了英文音标的发音方法,每个单元包括:发音方法、常见发音字母和字母组合、发音操练、以句识音等。 |
| ● |
| 相关链接 |
|
|
|
正题名:疯狂英语
索取号:H311/L184
 
预约/预借
| 序号 | 登录号 | 条形码 | 馆藏地/架位号 | 状态 | 备注 |
| 1 | 794484 | 207944849 | 语言库209/209语言库 101排6列2层/ [索取号:H311/L184] | 在馆 | |
| 2 | 794485 | 207944858 | 语言库209/209语言库 101排6列2层/ [索取号:H311/L184] | 在馆 | |
| 3 | 794486 | 207944867 | 语言库209/209语言库 101排6列2层/ [索取号:H311/L184] | 在馆 |